| 000 | 00519nam a2200193Ia 4500 | ||
|---|---|---|---|
| 005 | 20260429112007.0 | ||
| 008 | 260429s9999||||xx |||||||||||||| ||und|| | ||
| 020 | _a9781836592204 | ||
| 041 | _aEnglish | ||
| 082 |
_a910.285 _bROD |
||
| 100 | _aRodriguez, Garrett | ||
| 245 | 0 |
_aRemote sensing and GIS / _cGarrett Rodriguez |
|
| 260 |
_aUnited Kingdom : _bEd-Tech Press, _c2025. |
||
| 300 | _ax, 236 p.; hb | ||
| 650 | _a Geographical Information Systems | ||
| 650 | _a GIS | ||
| 650 | _aGeography | ||
| 942 | _cTB | ||
| 999 |
_c51789 _d51789 |
||